00751 a2200169 45000010006000000050017000060080041000230030015000640400040000790800118001192450035002372640054002723000018003265050208003440410008005521000021005606032820260407155853.0260407a1986 arg spa dAR-UNSa-BCEJYS aAR-UNSa-BCEJYSbspacAR-UNSa-BCEJYS a330.82xTeorías económicas clásicas y posclásica. Liberalismo. Escuelas ética, romántica, histórica10aSobre el liberalismo en Ortega 1aBuenos Aires :bInstituto Torcuato Di Tellac1986 a86 p.c20 cm. a1. Los años mozos y el “liberalismo socialista” – 2. Entre el liberalismo doctrinario y el liberalismo democrático – 3. El problema de la “vida como libertad” y los años de desilusión aspa1 aAguilar, Enrique